MARC

LEADER 00000nam0a2200000 4500
001 33986
005 20231030222948.0
035 |a (RuTPU)RU\TPU\book\34360 
035 |a BOOK00001011 
090 |a 33986 
100 |a 20011210d1975 km y0 y50 ca 
101 0 |a rus 
102 |a RU 
105 |a y z 000zy 
200 1 |a Оптимизация теплоэнергетического оборудования АЭС  |f П. А. Андреев, М. И. Гринман, Ю. В. Смолкин 
210 |a Москва  |c Атомиздат  |d 1975 
215 |a 220 с. 
610 1 |a оптимизация 
610 1 |a технико-экономические основы 
610 1 |a АЭС 
610 1 |a теплосиловое оборудование 
610 1 |a конструкции 
610 1 |a атомные электрические станции 
675 |a 621.311.25  |v 3 
700 1 |a Андреев  |b П. А.  |g Павел Алексеевич 
701 1 |a Гринман  |b М. И.  |g Марк Иделеевич 
701 1 |a Смолкин  |b Ю. В.  |g Юрий Васильевич 
801 0 |a RU  |b 63413507  |c 20011210  |g PSBO 
801 2 |a RU  |b 63413507  |c 20111122  |g PSBO 
900 |a Технико-экономические основы оптимизации ТЭУ 
942 |c BK